MARC

LEADER 00000nam0a2200000 4500
001 274432
005 20231101234728.0
020 |a RU  |b 85-100310 
035 |a (RuTPU)RU\TPU\book\297642 
090 |a 274432 
100 |a 20141105d1985 k y0rusy5003 ca 
101 0 |a rus 
102 |a RU 
105 |a a z 000zy 
200 1 |a Адаптивные магнитометрические системы контроля пространственного положения  |f И. С. Гурьев 
210 |a Ленинград  |c Энергоатомиздат  |c Ленингр. отд-ние  |d 1985 
215 |a 96 с.  |c ил. 
606 1 |a Адаптивные системы  |2 stltpush  |3 (RuTPU)RU\TPU\subj\1514  |9 30286 
610 1 |a информационные системы измерительные 
610 1 |a магнитное поле Земли 
610 1 |a преобразователи магнитные 
610 1 |a вариации 
610 1 |a измерение 
610 1 |a магнитометрические датчики 
675 |a 681.513.6  |z rus  |v 3 
700 1 |a Гурьев  |b И. С.  |g Игорь Сергеевич  |4 070 
801 0 |a RU  |b RuMRKP  |c 19950704  |g psbo 
801 1 |a RU  |b 63413507  |c 20141105 
801 2 |a RU  |b 63413507  |c 20151027  |g RCR 
942 |c BK